000 00372nam a22001457a 4500
008 250618b |||||||| |||| 00| 0 eng d
020 _a9789331329585
050 _aLB 875
_b.S56
100 _aSingaravelu .G.
245 _aFoundation of Education
260 _aNew Delhi
_bA.P.H Publishing Corporation
_c2022
300 _a182p
650 _aEducation
942 _cBK
999 _c3891
_d3891